000
00296nam a22001217a 4500
008
181123b xxu||||| |||| 00| 0 eng d
041
_a
eng
080
_a
043.3
100
_a
0
101
_a
BTH-INI
245
_a
Organizimi i Punishtes per Objektin Afaristo-Banesor
_c
Halili, F
942
_2
udc
_c
BK
999
_c
52457
_d
52457